| 000 | 00667nam a2200205 i 4500 | ||
|---|---|---|---|
| 001 | 63491 | ||
| 003 | ES-MaACL | ||
| 005 | 20250918063027.0 | ||
| 007 | t| | ||
| 008 | 031211s1980 sp ||||1| spa d | ||
| 100 | 1 |
_aFerrer-Vidal, Jorge, _d1926- _950501 |
|
| 245 | 1 | 0 |
_aViaje por la frontera del Duero / _cJorge Ferrer-Vidal ; prólogo de Ramón Carnicer. |
| 260 |
_aMadrid : _bEspasa-Calpe, _c1980. |
||
| 300 |
_a228 p. : _bil. ; _c18 cm. |
||
| 490 | 1 |
_aSelecciones austral ; _v72 |
|
| 700 | 1 |
_aCarnicer, Ramón, _d1912-2007 _935377 |
|
| 830 | 0 |
_aSelecciones austral ; _v72 _9176520 |
|
| 852 |
_aES-MaACL _jF-12773 _bR.100976 |
||
| 999 |
_c63491 _d63491 |
||